00415nam a2200157Ia 45000010006000000050017000060080041000230410008000640820015000721000036000872450081001232600009002043000028002136500008002416540008002492091320260306172840.0260306t2019||||xx |||||||||||||| ||spa|| aESP a343.8bS45 aSevillano Chávez, SandraeAUT 0aLecciones de derecho tributario:bprincipios generales y código tributario c2019 a325 páginas :c20 cm. aGEN aCCO